The impact of micro-electronics : A tentative appraisal of information technology

Αποθηκεύτηκε σε:
Λεπτομέρειες βιβλιογραφικής εγγραφής
Κύριος συγγραφέας: Rada, J.
Μορφή: Βιβλίο
Γλώσσα:Undetermined
Έκδοση: Geneva International Labour Office 1980
Θέματα:
Ετικέτες: Προσθήκη ετικέτας
Δεν υπάρχουν, Καταχωρήστε ετικέτα πρώτοι!
Thư viện lưu trữ: Trung tâm Học liệu Trường Đại học Cần Thơ
LEADER 00563nam a2200193Ia 4500
001 CTU_97853
008 210402s9999 xx 000 0 und d
082 |a 338.4 
082 |b R124 
100 |a Rada, J. 
245 4 |a The impact of micro-electronics : 
245 2 |b A tentative appraisal of information technology 
245 0 |c J. Rada 
260 |a Geneva 
260 |b International Labour Office 
260 |c 1980 
650 |a Computer industry,Microcomputers,Labor supply 
904 |i M.Loan 
980 |a Trung tâm Học liệu Trường Đại học Cần Thơ